01042nam a2200241Ia 4500003000400000005001700004008004100021020001800062040001800080041000800098082002200106100003600128245015800164250001200322260006800334300002800402650006600430650005800496700002400554942003100578999001900609952017200628OSt20220928151545.0210716s2019 xx 000 0 und d a9789352139019 cAIMIT LIBRARY aeng a005.448 21bGARV aGarcia, Vicente Herrera.958696 aBuilding intelligent cloud applications :bdevelop scalable models using serverless architectures with azure /cBy Vicente Herrera Garcia and John Biggs. a1st ed. aMumbai :bShroff Publishers and Distributors Pvt Ltd ,c2019 . axi, 138p. ;bPBc23 cm. aMachine learning and deep learning models in the cloud958697 aGetting started with microsoft azure functions958698 aBiggs, John.958699 2ddccBKe1stk005.448 GARV c197091d197091 00102ddc40708MCAaAIMITbAIMITeShroff Publishersg550.00iBill no:1171; Bill dt:2020-01-03l0o005.448 GARVpMCA16606r2025-07-21 00:00:00v412.50w2021-07-16yBK